[Event "Southend Easter U1400 rapid op 67th"]
[Site "Southend"]
[Date "2025.04.17"]
[Round "1"]
[White "Kingston, Alexander"]
[Black "Vaidya, Malhar"]
[Result "0-1"]
[WhiteElo "817"]
[BlackElo "1169"]
[PlyCount "117"]
[EventDate "2025.04.17"]
[EventType "swiss (rapid)"]
[EventRounds "6"]
[EventCountry "ENG"]
[SourceTitle "CB18_2025"]
[SourceDate "2025.04.30"]
[SourceVersion "1"]
[SourceVersionDate "2025.04.30"]
[SourceQuality "1"]

1. e4 c6 2. Nc3 d5 3. d4 dxe4 4. Nxe4 Nf6 5. Nxf6+ exf6 6. Nf3 Bd6 7. Be2 Bf5 8. 0-0 0-0 9. Be3 Qb6 10. b3 Na6 11. d5 Qc7 12. Bxa6 bxa6 13. dxc6 Rfd8 14. g3 Bh3 15. Re1 Qxc6 16. Nh4 Bb4 17. Qf3 Qxf3 18. Nxf3 Bxe1 19. Nxe1 Rd7 20. Rc1 Rad8 21. Nd3 Bf5 22. Kf1 Bxd3+ 23. cxd3 Rxd3 24. Ke2 R3d7 25. h4 h6 26. a4 g5 27. h5 f5 28. Rc4 a5 29. f4 f6 30. b4 axb4 31. Rxb4 g4 32. Rb5 Rd5 33. Rb7 a6 34. Rb6 Ra5 35. Rb4 Kf7 36. Bb6 Re8+ 37. Kf2 Rd5 38. Be3 Rc8 39. Rb7+ Kg8 40. Rb2 Ra5 41. Ra2 Rc4 42. Bd2 Raxa4 43. Rb2 Rc8 44. Be3 Rac4 45. Ke1 a5 46. Rb5 Re4 47. Kd2 Rce8 48. Bf2 a4 49. Ra5 Re2+ 50. Kc3 Rxf2 51. Rxa4 Rf3+ 52. Kb4 Re4+ 53. Ka5 Rxa4+ 54. Kxa4 Rxg3 55. Kb5 Re3 56. Kc4 g3 57. Kd4 Re8 58. Kd3 g2 59. Kd2 0-1